00717nam a2200181 a 4500008004100000050001400041110008300055245005400138260002800192300001000220350000900230650002000239650001400259650002200273995009300295999001700388952013000405120416s1979 ||||||||||||||||| || u aHD 82 Uni aUnited States Committee for Economic Development Research and Policy Committee10aRedefining government's role in the market system aNew YorkbC. E. Dc1979 a144p. a0.00 0aECONOMIC POLICY 0aECONOMICS aECONOMIC RESEARCH D0.00FCBU-MAIN LIBRARY (Kitwe)H1I0.00M1UDAMAGEDZMain Library Open Access Collection c55789d55789 00102lcc4070a001b001cMain Library Open Access Collectiond2022-11-30l0oHD 82 Unip004693r2022-11-30w2022-11-30y002